[Event "Kandidatklassen 2012"]
[Site "Helsingor"]
[Date "2012.04.04"]
[Round "2"]
[White "Matthiesen, Arne"]
[Black "Jensen, Bjarke"]
[Result "0-1"]
[WhiteElo "2333"]
[BlackElo "2285"]
[PlyCount "130"]
[EventDate "2012.??.??"]
[EventCountry "DEN"]
[SourceDate "2014.05.18"]

1. d4 d5 2. c4 c6 3. Nf3 Nf6 4. e3 Bg4 5. h3 Bxf3 6. Qxf3 e6 7. Nc3 Nbd7 8. Qd1
a6 9. Bd3 b5 10. cxd5 cxd5 11. O-O Be7 12. a4 b4 13. Ne2 O-O 14. a5 Bd6 15. Bd2
e5 16. Qa4 Qe7 17. Rac1 Ne4 18. Be1 exd4 19. exd4 Nb8 20. f3 Ng5 21. Bf2 Ra7
22. Rfe1 Qd8 23. Bg3 Bxg3 24. Nxg3 Rb7 25. Re5 Ne6 26. Bf5 Qh4 27. Kh2 Qxd4 28.
Re2 g6 29. Rd1 Qf6 30. Bb1 Nf4 31. Red2 Qd6 32. Kh1 Rb5 33. Ne4 Qe5 34. Nf2 Nd7
35. Nd3 Nxd3 36. Bxd3 Nc5 37. Qa2 Nxd3 38. Rxd3 Rd8 39. Rd4 Qc7 40. Qa4 b3 41.
R4d3 Rdb8 42. Qd4 Qxa5 43. Qe5 Rd8 44. Rd4 Qb6 45. h4 Qd6 46. Qg5 Re8 47. Kg1
Re5 48. Qf4 Qe6 49. Kh2 Kg7 50. R1d2 h5 51. Ra4 a5 52. Qd4 Kh7 53. Qd3 Qb6 54.
Rd4 Rb4 55. f4 Rxd4 56. Qxd4 Qxd4 57. Rxd4 Re4 58. Rxd5 Rxf4 59. Rxa5 Rf2 60.
Rb5 Rxb2 61. Kg3 Rb1 62. Kf2 b2 63. Rb6 Kg7 64. Kg3 f5 65. Kf2 Kf7 0-1

[Event "Kandidatklassen 2012"]
[Site "Helsingor"]
[Date "2012.04.04"]
[Round "2"]
[White "Mikkelsen, Nikolaj"]
[Black "Palm, Nikolaj"]
[Result "1/2-1/2"]
[WhiteElo "2384"]
[BlackElo "2287"]
[PlyCount "123"]
[EventDate "2012.??.??"]
[EventCountry "DEN"]
[SourceDate "2014.05.18"]

1. e4 e5 2. Nf3 Nc6 3. d4 exd4 4. Bc4 Bc5 5. c3 d3 6. Qxd3 d6 7. O-O Nf6 8. Bb5
O-O 9. Bxc6 bxc6 10. Nd4 a5 11. Re1 Re8 12. Bg5 h6 13. Bh4 g5 14. Bg3 Nh5 15.
Nd2 Nxg3 16. Qxg3 Qf6 17. N2f3 Bd7 18. Rad1 Re7 19. Nb3 Bb6 20. h4 Qf4 21. Qxf4
gxf4 22. e5 d5 23. Nbd4 Rae8 24. e6 Bxe6 25. Nxc6 Rd7 26. Nce5 Rde7 27. Nc6 Rd7
28. Nce5 Rde7 29. Nd3 Bg4 30. Rxe7 Rxe7 31. Nxf4 Bxf3 32. gxf3 c6 33. Kf1 Kg7
34. Ne2 Kf6 35. c4 Rd7 36. Nc3 Ke6 37. cxd5+ cxd5 38. Ke2 Bd8 39. h5 Bf6 40.
Kd3 Rb7 41. b3 Rb4 42. Kc2 Bxc3 43. Kxc3 Rf4 44. Rd3 Kd6 45. Kd2 Rh4 46. Rc3 a4
47. Kd3 axb3 48. Rxb3 Ra4 49. a3 Kc5 50. Ke3 Kc4 51. Rd3 Kc5 52. Rc3+ Kd6 53.
Kd3 Ra7 54. Kc2 d4 55. Rb3 Kc5 56. Kd3 f5 57. f4 Ra6 58. Kd2 Ra7 59. Rg3 Kc4
60. Rg6 Rxa3 61. Rc6+ Kd5 62. Rxh6 1/2-1/2

[Event "Kandidatklassen 2012"]
[Site "Helsingor"]
[Date "2012.04.05"]
[Round "3"]
[White "Schou Moldt, Thomas"]
[Black "Hansen, Martin Strandby"]
[Result "1/2-1/2"]
[WhiteElo "2190"]
[BlackElo "2125"]
[PlyCount "62"]
[EventDate "2012.??.??"]
[EventCountry "DEN"]
[SourceDate "2014.05.18"]

1. e4 e6 2. d4 d5 3. Nd2 Nf6 4. e5 Nfd7 5. Bd3 c5 6. c3 b6 7. f4 g6 8. Ndf3 Ba6
9. Ne2 Bxd3 10. Qxd3 Qc8 11. O-O Qa6 12. Qe3 Nc6 13. g4 cxd4 14. Nexd4 Bc5 15.
Rf2 O-O-O 16. Qe1 Kb7 17. Be3 Bxd4 18. Bxd4 h6 19. a4 Rc8 20. b4 Qc4 21. Rc1
Nxb4 22. Nd2 Qc7 23. Qe2 Nc6 24. Nb3 Na5 25. Nxa5+ bxa5 26. Rb1+ Ka8 27. Qa6
Rb8 28. Rfb2 Rxb2 29. Rxb2 Rb8 30. Rb5 Rxb5 31. Qxb5 g5 1/2-1/2

[Event "Kandidatklassen 2012"]
[Site "Helsingor"]
[Date "2012.04.05"]
[Round "3"]
[White "Nilssen, John Arni"]
[Black "Sorensen, Torben Kyhl"]
[Result "1-0"]
[WhiteElo "2378"]
[BlackElo "2190"]
[PlyCount "61"]
[EventDate "2012.??.??"]
[EventCountry "DEN"]
[SourceDate "2014.05.18"]

1. d4 Nf6 2. c4 g6 3. Nc3 d5 4. Nf3 Bg7 5. Qa4+ Bd7 6. Qb3 dxc4 7. Qxc4 Nc6 8.
Bf4 Be6 9. Qb5 O-O 10. e3 Nd5 11. Bg3 a6 12. Qa4 b5 13. Qc2 Ncb4 14. Qd2 c5 15.
e4 Nxc3 16. bxc3 Nc6 17. d5 Qa5 18. Rc1 b4 19. cxb4 Nxb4 20. Bc4 Bg4 21. Ne5
Bxe5 22. Bxe5 Rfd8 23. Bc3 Qc7 24. Qh6 e5 25. Qg5 h5 26. Bxe5 Qa5 27. O-O Kh7
28. Qf6 Rg8 29. Qxf7+ Kh6 30. h3 Raf8 31. Bg7+ 1-0

[Event "Kandidatklassen 2012"]
[Site "Helsingor"]
[Date "2012.04.05"]
[Round "3"]
[White "Haubro, Martin"]
[Black "Grand, Hans Henrik"]
[Result "1/2-1/2"]
[WhiteElo "2042"]
[BlackElo "2131"]
[PlyCount "26"]
[EventDate "2012.??.??"]
[EventCountry "DEN"]
[SourceDate "2014.05.18"]

1. d4 d5 2. c4 c6 3. Nc3 Nf6 4. e3 a6 5. Nf3 b5 6. cxd5 cxd5 7. Bd3 Bg4 8. Ne2
Bxf3 9. gxf3 Nc6 10. a4 b4 11. a5 e6 12. Qa4 Qd7 13. Bd2 Qb7 1/2-1/2

[Event "Kandidatklassen 2012"]
[Site "Helsingor"]
[Date "2012.04.05"]
[Round "3"]
[White "Olsen, Peter Erik"]
[Black "Hartvig, Ove Weiss"]
[Result "0-1"]
[WhiteElo "2212"]
[BlackElo "2215"]
[PlyCount "136"]
[EventDate "2012.??.??"]
[EventCountry "DEN"]
[SourceDate "2014.05.18"]

1. d4 g6 2. c4 Nf6 3. Nc3 d5 4. cxd5 Nxd5 5. e4 Nxc3 6. bxc3 Bg7 7. Be3 O-O 8.
Qd2 c5 9. Rb1 cxd4 10. cxd4 Nc6 11. d5 Qa5 12. Qxa5 Nxa5 13. Bd2 b6 14. Bb4 Bd7
15. Ba6 Rfe8 16. Nf3 e6 17. O-O exd5 18. exd5 Rad8 19. Bxa5 bxa5 20. Rb7 Bc8
21. Rxa7 Bxa6 22. Rxa6 Rxd5 23. g3 Rd3 24. Re1 Rxe1+ 25. Nxe1 Rd1 26. Ra8+ Bf8
27. Re8 Kg7 28. Kf1 Bb4 29. h3 h5 30. h4 Kf6 31. f3 Ra1 32. Re2 a4 33. Kf2
Bxe1+ 34. Rxe1 Rxa2+ 35. Ke3 a3 36. Rc1 Kg7 37. Rc3 Ra1 38. Kf4 f6 39. Rc7+ Kh6
40. Ra7 a2 41. Ra6 Kg7 42. Ra7+ Kf8 43. Ra6 Ke7 44. Ra8 Kd6 45. Ra5 Ke6 46. Ra7
Kd5 47. Ra6 Kc4 48. Ra8 Kd3 49. Ra3+ Ke2 50. Ra4 Kf2 51. Ra3 Kg2 52. Ra4 Kh3
53. Ra3 Rb1 54. Rxa2 Rb4+ 55. Ke3 Kxg3 56. Ra1 Rb3+ 57. Ke4 f5+ 58. Ke5 Rb6 59.
f4 Kxh4 60. Rg1 Kh3 61. Kd4 Kh2 62. Rg5 h4 63. Ke5 h3 64. Kd4 Rb4+ 65. Ke5 Re4+
66. Kd5 Rxf4 67. Rxg6 Rg4 68. Ra6 f4 0-1

[Event "Kandidatklassen 2012"]
[Site "Helsingor"]
[Date "2012.04.05"]
[Round "3"]
[White "Jepsen, Thomas Tange"]
[Black "Christensen, Stefan"]
[Result "1/2-1/2"]
[WhiteElo "2093"]
[BlackElo "2286"]
[PlyCount "60"]
[EventDate "2012.??.??"]
[EventCountry "DEN"]
[SourceDate "2014.05.18"]

1. d4 d5 2. c4 c6 3. Nc3 Nf6 4. Nf3 a6 5. e3 b5 6. cxd5 cxd5 7. Bd3 e6 8. O-O
Bb7 9. Ne5 Nbd7 10. f4 Bd6 11. Bd2 O-O 12. Rc1 Rc8 13. Ne2 Ne4 14. Qe1 Rxc1 15.
Nxc1 Nxd2 16. Qxd2 Nb6 17. Rf3 Qc7 18. Rh3 f5 19. Nb3 Nc4 20. Qf2 Nxe5 21. fxe5
Be7 22. Qe2 g6 23. Rf3 Qb6 24. Rf1 Rc8 25. Qd2 b4 26. Rc1 a5 27. Rxc8+ Bxc8 28.
Qc2 Ba6 29. Nc5 Bxd3 30. Nxd3 Qb7 1/2-1/2

[Event "Kandidatklassen 2012"]
[Site "Helsingor"]
[Date "2012.04.05"]
[Round "3"]
[White "Jorgensen, Michael Brunsgaard"]
[Black "Stojanovski, Sandi"]
[Result "1/2-1/2"]
[WhiteElo "2294"]
[BlackElo "2174"]
[PlyCount "66"]
[EventDate "2012.??.??"]
[EventCountry "DEN"]
[SourceDate "2014.05.18"]

1. d4 Nf6 2. c4 e6 3. g3 Bb4+ 4. Bd2 c5 5. Bxb4 cxb4 6. Bg2 O-O 7. e4 d6 8. Ne2
Nc6 9. a3 Qb6 10. O-O Bd7 11. axb4 Qxb4 12. Na3 a6 13. Qd3 Qb6 14. h3 e5 15. d5
Nb4 16. Qd2 a5 17. Kh2 Qd8 18. f4 exf4 19. gxf4 Re8 20. Nc3 Nh5 21. c5 dxc5 22.
Rad1 Qh4 23. Qf2 Qxf2 24. Rxf2 f6 25. Bf1 g5 26. fxg5 fxg5 27. Bb5 Rad8 28. Rg1
h6 29. h4 Bxb5 30. Naxb5 Nd3 31. Rf5 Re5 32. hxg5 Rxf5 33. exf5 Ne5 1/2-1/2

[Event "Kandidatklassen 2012"]
[Site "Helsingor"]
[Date "2012.04.05"]
[Round "3"]
[White "Christensen, Janus"]
[Black "Aabling Thomsen, Jakob"]
[Result "0-1"]
[WhiteElo "2174"]
[BlackElo "2312"]
[PlyCount "54"]
[EventDate "2012.??.??"]
[EventCountry "DEN"]
[SourceDate "2014.05.18"]

1. d4 g6 2. c4 Nf6 3. Nc3 d5 4. Bf4 Bg7 5. Nf3 O-O 6. e3 c5 7. Qd2 Ne4 8. Nxe4
dxe4 9. Ng5 cxd4 10. exd4 Qxd4 11. O-O-O Qxd2+ 12. Rxd2 Bf5 13. g4 Bxg4 14. Bg2
Nc6 15. Nxe4 Rac8 16. h3 Bf5 17. Ng3 Be6 18. Kb1 Bxc4 19. Rd7 Nb4 20. Bxb7
Bxa2+ 21. Ka1 Rc2 22. Bc1 Be6 23. Rxe7 Bf6 24. Rxe6 fxe6 25. Ne4 Bg7 26. f4 Rb8
27. Nd6 Nd3 0-1

[Event "Kandidatklassen 2012"]
[Site "Helsingor"]
[Date "2012.04.05"]
[Round "3"]
[White "Thuesen, Mogens Henrik"]
[Black "Matthiesen, Arne"]
[Result "0-1"]
[WhiteElo "2186"]
[BlackElo "2333"]
[PlyCount "58"]
[EventDate "2012.??.??"]
[EventCountry "DEN"]
[SourceDate "2014.05.18"]

1. e4 c5 2. Nf3 Nc6 3. Bb5 g6 4. O-O Bg7 5. Re1 Nf6 6. c3 O-O 7. e5 Nd5 8. d4
cxd4 9. cxd4 d6 10. Nc3 Nc7 11. Bxc6 bxc6 12. exd6 Qxd6 13. Ne4 Qd5 14. Bf4 Nb5
15. Nc3 Nxc3 16. bxc3 Re8 17. Qa4 Bf5 18. Rad1 Bg4 19. Rd3 Qf5 20. h3 Qxd3 21.
hxg4 Qxc3 22. Rc1 Qb2 23. Rxc6 Qb1+ 24. Kh2 Qe4 25. Kg3 e5 26. Be3 exd4 27. Rc4
Rec8 28. Rb4 a5 29. Rb5 Qc2 0-1

[Event "Kandidatklassen 2012"]
[Site "Helsingor"]
[Date "2012.04.05"]
[Round "3"]
[White "Palm, Nikolaj"]
[Black "Hansen, Mads"]
[Result "1/2-1/2"]
[WhiteElo "2287"]
[BlackElo "2273"]
[PlyCount "86"]
[EventDate "2012.??.??"]
[EventCountry "DEN"]
[SourceDate "2014.05.18"]

1. d4 Nf6 2. Nf3 c5 3. e3 cxd4 4. exd4 d5 5. Bd3 Nc6 6. c3 Bg4 7. O-O Qc7 8.
Re1 e6 9. Nbd2 Bd6 10. Nf1 O-O 11. Ng3 Rfe8 12. Bg5 Nh5 13. Be2 Rab8 14. h3
Nxg3 15. hxg4 Nxe2+ 16. Rxe2 b5 17. Rc1 Na5 18. g3 Rec8 19. Kg2 Nc4 20. b3 Nb6
21. Qd3 Nd7 22. Rh1 Nf8 23. Bd2 b4 24. cxb4 Bxb4 25. Bf4 Bd6 26. Bxd6 Qxd6 27.
Rc2 Rc7 28. Rhc1 Rbc8 29. Rxc7 Rxc7 30. Rxc7 Qxc7 31. Qb5 f6 32. g5 Nd7 33.
gxf6 gxf6 34. a4 Kf8 35. b4 Ke7 36. Qd3 Kd6 37. Nd2 Qc6 38. b5 Qc1 39. a5 Qa1
40. Nb3 Qa4 41. Kf1 e5 42. dxe5+ fxe5 43. f3 h5 1/2-1/2

[Event "Kandidatklassen 2012"]
[Site "Helsingor"]
[Date "2012.04.05"]
[Round "3"]
[White "Andersen, Morten"]
[Black "Matthiesen, Martin"]
[Result "0-1"]
[WhiteElo "2135"]
[BlackElo "2291"]
[PlyCount "94"]
[EventDate "2012.??.??"]
[EventCountry "DEN"]
[SourceDate "2014.05.18"]

1. c4 e5 2. g3 Nf6 3. Bg2 d5 4. cxd5 Nxd5 5. Nc3 Nb6 6. Nf3 Nc6 7. O-O Be7 8.
a3 O-O 9. b4 Be6 10. d3 Nd4 11. Nxd4 exd4 12. Ne4 Bd5 13. f3 Qd7 14. Bb2 Bc6
15. Rc1 Na4 16. Ba1 f5 17. Nd2 Kh8 18. Nc4 Bf6 19. Bh3 Rfe8 20. Na5 Bd5 21. Qc2
b6 22. e4 dxe3 23. Bxf6 gxf6 24. Nc6 e2 25. Rfe1 Bxf3 26. Bg2 Bxg2 27. Kxg2 Nc5
28. bxc5 Qxc6+ 29. Kf2 f4 30. Rxe2 f3 31. Re4 Rxe4 32. dxe4 b5 33. Kxf3 Re8 34.
Qd3 Re5 35. Qd4 Kg7 36. g4 a5 37. h4 a4 38. g5 Qe6 39. Kf4 h6 40. Rg1 hxg5+ 41.
hxg5 Kf7 42. g6+ Kg7 43. Rh1 Kxg6 44. Rg1+ Kf7 45. Rd1 Qe7 46. Rc1 Rh5 47. Kg4
Qe6+ 0-1

[Event "Kandidatklassen 2012"]
[Site "Helsingor"]
[Date "2012.04.05"]
[Round "3"]
[White "Petersen, Tom Petri"]
[Black "Molvig, Henrik"]
[Result "1-0"]
[WhiteElo "2323"]
[BlackElo "2186"]
[PlyCount "49"]
[EventDate "2012.??.??"]
[EventCountry "DEN"]
[SourceDate "2014.05.18"]

1. c4 Nf6 2. g3 g6 3. Bg2 Bg7 4. Nc3 O-O 5. e4 d6 6. Nge2 c5 7. O-O Nc6 8. d3
Rb8 9. h3 Ne8 10. Be3 Nd4 11. Rb1 Nc7 12. b4 Nce6 13. Qd2 b6 14. f4 Bb7 15. f5
gxf5 16. exf5 cxb4 17. Nd5 Bxd5 18. Bxd5 Nxe2+ 19. Qxe2 Nc5 20. f6 exf6 21. Qh5
Qe7 22. Bd4 Nxd3 23. Qf5 Ne5 24. Rbe1 Qd7 25. Rxe5 1-0

[Event "Kandidatklassen 2012"]
[Site "Helsingor"]
[Date "2012.04.05"]
[Round "3"]
[White "Jensen, Bjarke"]
[Black "Akdag, Dara Sevkan"]
[Result "0-1"]
[WhiteElo "2285"]
[BlackElo "2207"]
[PlyCount "60"]
[EventDate "2012.??.??"]
[EventCountry "DEN"]
[SourceDate "2014.05.18"]

1. e4 c5 2. Nf3 d6 3. d4 cxd4 4. Nxd4 Nf6 5. Nc3 a6 6. Be3 e6 7. Qf3 Nbd7 8. h3
Qc7 9. g4 b5 10. g5 Ne5 11. Qe2 Nfd7 12. a4 b4 13. Nb1 Bb7 14. Nd2 Rc8 15. f4
Nc6 16. Rc1 Nc5 17. b3 d5 18. e5 Ne4 19. Nxe4 dxe4 20. Rh2 Ne7 21. c4 bxc3 22.
Bg1 Nd5 23. Qxe4 Ba3 24. Rcc2 Nb4 25. Qe3 Nxc2+ 26. Rxc2 O-O 27. Bd3 Rfd8 28.
f5 Rd5 29. Re2 Bc5 30. fxe6 Rxd4 0-1

[Event "Kandidatklassen 2012"]
[Site "Helsingor"]
[Date "2012.04.05"]
[Round "3"]
[White "Ochsner, Bjorn Moller"]
[Black "Mikkelsen, Nikolaj"]
[Result "1/2-1/2"]
[WhiteElo "2266"]
[BlackElo "2384"]
[PlyCount "68"]
[EventDate "2012.??.??"]
[EventCountry "DEN"]
[SourceDate "2014.05.18"]

1. e4 c5 2. Nf3 Nc6 3. d4 cxd4 4. Nxd4 Nf6 5. Nc3 d6 6. Bg5 Bd7 7. Be2 Qa5 8.
Bxf6 gxf6 9. Qd2 Nxd4 10. Qxd4 Rg8 11. Bf3 f5 12. Qd5 Qb4 13. O-O-O Bh6+ 14.
Kb1 Bg7 15. Bh5 Rf8 16. Rd3 Rc8 17. a3 Qb6 18. Rg3 e6 19. Qd2 Bxc3 20. Rxc3
Rxc3 21. Qxc3 fxe4 22. Re1 Qxf2 23. Rxe4 Qxg2 24. Bf3 Qxh2 25. Re2 Qg1+ 26. Re1
Qc5 27. Qd3 Bc6 28. b4 Qb5 29. Qxd6 Bxf3 30. Rxe6+ fxe6 31. Qxe6+ Kd8 32. Qd6+
Ke8 33. Qe6+ Kd8 34. Qd6+ Ke8 1/2-1/2

[Event "Kandidatklassen 2012"]
[Site "Helsingor"]
[Date "2012.04.06"]
[Round "4"]
[White "Akdag, Dara Sevkan"]
[Black "Petersen, Tom Petri"]
[Result "1/2-1/2"]
[WhiteElo "2207"]
[BlackElo "2323"]
[PlyCount "90"]
[EventDate "2012.??.??"]
[EventCountry "DEN"]
[SourceDate "2014.05.18"]

1. d4 Nf6 2. c4 g6 3. Nc3 Bg7 4. e4 d6 5. Nf3 O-O 6. Be2 e5 7. O-O Nc6 8. d5
Ne7 9. b4 a5 10. Ba3 Nd7 11. bxa5 Rxa5 12. Bb4 Ra8 13. a4 Nc5 14. a5 Na6 15.
Ba3 Nc5 16. Bb4 Na6 17. Qb3 Nxb4 18. Qxb4 c5 19. Qb6 Qxb6 20. axb6 Bd7 21. Rfb1
Rxa1 22. Rxa1 Nc8 23. Rb1 Bf6 24. Bd1 Bd8 25. Ba4 Bxa4 26. Nxa4 f5 27. Rb3 Rf7
28. g3 h5 29. h4 Kg7 30. Kg2 Kh6 31. Rb5 Rf8 32. Ra5 Kg7 33. Nd2 Nxb6 34. Nxb6
Bxb6 35. Rb5 Bd8 36. Rxb7+ Rf7 37. Rxf7+ Kxf7 38. Kh3 Ba5 39. Nf1 fxe4 40. g4
Be1 41. Ng3 e3 42. fxe3 Bxg3 43. Kxg3 Kf6 44. Kf3 Kf7 45. e4 Ke7 1/2-1/2

[Event "Kandidatklassen 2012"]
[Site "Helsingor"]
[Date "2012.04.06"]
[Round "4"]
[White "Matthiesen, Martin"]
[Black "Mikkelsen, Nikolaj"]
[Result "0-1"]
[WhiteElo "2291"]
[BlackElo "2384"]
[PlyCount "108"]
[EventDate "2012.??.??"]
[EventCountry "DEN"]
[SourceDate "2014.05.18"]

1. d4 Nf6 2. c4 g6 3. Nc3 Bg7 4. e4 d6 5. Nf3 O-O 6. Be2 Na6 7. O-O e5 8. Re1
Qe8 9. Bf1 c6 10. Rb1 Bg4 11. d5 c5 12. Be2 Nh5 13. g3 h6 14. Nd2 Bxe2 15. Qxe2
f5 16. Nb5 Rf6 17. f3 Qf7 18. a3 b6 19. b4 Re8 20. Rb3 Qd7 21. Kg2 Rff8 22. Nc3
Nf6 23. Nd1 Rf7 24. b5 Nc7 25. Nf1 Ref8 26. Nf2 Nce8 27. exf5 gxf5 28. f4 Re7
29. Bb2 Rff7 30. fxe5 dxe5 31. Re3 e4 32. Rb3 Ng4 33. Bxg7 Nxg7 34. Nxg4 fxg4
35. Re3 Qf5 36. Nd2 Qh5 37. Rxe4 Rxe4 38. Qxe4 Nf5 39. Rf1 Re7 40. Qf4 Ne3+ 41.
Kg1 Nxf1 42. Nxf1 Rf7 43. Qe4 Qg5 44. Qe2 h5 45. a4 Qf6 46. Ne3 Qf3 47. Qd2 Kf8
48. d6 Ke8 49. Qe1 Qe4 50. Qc3 Kd7 51. Nc2 Qe2 52. Ne3 Kxd6 53. Qc1 Rf2 54. Nf1
Rxf1+ 0-1

[Event "Kandidatklassen 2012"]
[Site "Helsingor"]
[Date "2012.04.06"]
[Round "4"]
[White "Matthiesen, Arne"]
[Black "Palm, Nikolaj"]
[Result "1/2-1/2"]
[WhiteElo "2333"]
[BlackElo "2287"]
[PlyCount "61"]
[EventDate "2012.??.??"]
[EventCountry "DEN"]
[SourceDate "2014.05.18"]

1. c4 Nf6 2. Nf3 e6 3. g3 d5 4. Bg2 c6 5. Qc2 Bd6 6. d4 O-O 7. Nbd2 Nbd7 8. O-O
Re8 9. e4 Nxe4 10. Nxe4 dxe4 11. Qxe4 f5 12. Qe2 Qf6 13. Bg5 Qf8 14. c5 Bc7 15.
Rfe1 h6 16. Bf4 Bxf4 17. gxf4 Qf6 18. b4 a6 19. Rad1 g5 20. Qe3 gxf4 21. Qxf4
Re7 22. a4 Nf8 23. Qe5 Kg7 24. Qxf6+ Kxf6 25. Ne5 Bd7 26. b5 axb5 27. axb5 Rg7
28. bxc6 Bxc6 29. Nxc6 bxc6 30. Kf1 Rc7 31. Ra1 1/2-1/2

[Event "Kandidatklassen 2012"]
[Site "Helsingor"]
[Date "2012.04.06"]
[Round "4"]
[White "Aabling Thomsen, Jakob"]
[Black "Ochsner, Bjorn Moller"]
[Result "0-1"]
[WhiteElo "2312"]
[BlackElo "2266"]
[PlyCount "67"]
[EventDate "2012.??.??"]
[EventCountry "DEN"]
[SourceDate "2014.05.18"]

1. e4 c5 2. Nf3 e6 3. Nc3 Nc6 4. d4 cxd4 5. Nxd4 Qc7 6. Be3 a6 7. Qd2 Nf6 8. f3
h5 9. O-O-O Be7 10. Qf2 d6 11. Kb1 b5 12. Nxc6 Qxc6 13. Bd3 b4 14. Ne2 e5 15.
h3 Be6 16. g4 d5 17. g5 dxe4 18. fxe4 Nxe4 19. Bxe4 Qxe4 20. Ng3 Qc4 21. b3 Qc7
22. Bc1 Rc8 23. Bb2 Bxg5 24. Nf5 Bxf5 25. Qxf5 Bf6 26. Rhg1 O-O 27. Rd2 Qb6 28.
Rdg2 Rc6 29. Qxh5 Qe3 30. Bc1 Qe4 31. Bh6 Rd8 32. Rxg7+ Bxg7 33. Rxg7+ Kh8 34.
Rg2 0-1

[Event "Kandidatklassen 2012"]
[Site "Helsingor"]
[Date "2012.04.06"]
[Round "4"]
[White "Hansen, Mads"]
[Black "Jensen, Bjarke"]
[Result "1/2-1/2"]
[WhiteElo "2273"]
[BlackElo "2285"]
[PlyCount "99"]
[EventDate "2012.??.??"]
[EventCountry "DEN"]
[SourceDate "2014.05.18"]

1. e4 c5 2. Nf3 Nc6 3. d4 cxd4 4. Nxd4 g6 5. c4 Bg7 6. Be3 Nf6 7. Nc3 O-O 8.
Be2 d6 9. O-O Bd7 10. Rc1 Nxd4 11. Bxd4 Bc6 12. f3 a5 13. Qd2 Nd7 14. Be3 Nc5
15. Rc2 Qb6 16. Rb1 Rfc8 17. Bf1 h5 18. Qf2 Kh7 19. Qh4 Bf6 20. Qh3 Qd8 21. g4
Bd7 22. Nd5 Qh8 23. Rd1 Kg8 24. Nb6 Be6 25. Rcd2 Rab8 26. Nxc8 Rxc8 27. Qg2
hxg4 28. f4 Kg7 29. b3 Qh5 30. Be2 b6 31. Bd4 Bxd4+ 32. Rxd4 Rh8 33. f5 Bc8 34.
Bxg4 Qg5 35. Rf1 Bb7 36. fxg6 Qxg6 37. Bf3 Qxg2+ 38. Kxg2 Ne6 39. Rd2 Ng5 40.
Re2 f5 41. exf5 Bxf3+ 42. Rxf3 Nxf3 43. Kxf3 Kf6 44. Ke4 Rc8 45. Rd2 Rh8 46.
Re2 Rc8 47. Kf4 Rh8 48. Re6+ Kf7 49. Re2 Kf6 50. Ke4 1/2-1/2

[Event "Kandidatklassen 2012"]
[Site "Helsingor"]
[Date "2012.04.06"]
[Round "4"]
[White "Christensen, Stefan"]
[Black "Jorgensen, Michael Brunsgaard"]
[Result "1-0"]
[WhiteElo "2286"]
[BlackElo "2294"]
[PlyCount "69"]
[EventDate "2012.??.??"]
[EventCountry "DEN"]
[SourceDate "2014.05.18"]

1. e4 e6 2. d4 d5 3. Nc3 Nc6 4. Nf3 Nf6 5. Bd3 Nb4 6. Bg5 dxe4 7. Nxe4 Be7 8.
O-O Nxd3 9. Qxd3 b6 10. Nxf6+ gxf6 11. Bh6 Bb7 12. Bg7 Rg8 13. Qxh7 Kd7 14. d5
Bxd5 15. Rfd1 b5 16. b3 b4 17. c4 bxc3 18. Rac1 c6 19. Rxc3 Qa5 20. Bxf6 Bxf6
21. Qxf7+ Kd6 22. Qxf6 Raf8 23. Qd4 Rf5 24. Nh4 Rfg5 25. Rg3 Rxg3 26. hxg3 Qxa2
27. Ra1 Qxb3 28. Rxa7 Qb1+ 29. Kh2 Qe4 30. Qb6 Rh8 31. Qc7+ Kc5 32. Ra5+ Kd4
33. Qg7+ Qe5 34. Ra4+ Bc4 35. Rxc4+ 1-0

[Event "Kandidatklassen 2012"]
[Site "Helsingor"]
[Date "2012.04.06"]
[Round "4"]
[White "Hartvig, Ove Weiss"]
[Black "Andersen, Morten"]
[Result "1/2-1/2"]
[WhiteElo "2215"]
[BlackElo "2135"]
[PlyCount "72"]
[EventDate "2012.??.??"]
[EventCountry "DEN"]
[SourceDate "2014.05.18"]

1. c4 e5 2. g3 Nf6 3. Bg2 d5 4. cxd5 Nxd5 5. Nc3 Nb6 6. Nf3 Nc6 7. O-O Be7 8.
d3 O-O 9. a3 Bg4 10. b4 Qd7 11. b5 Bxf3 12. Bxf3 Nd8 13. a4 c6 14. a5 Nd5 15.
bxc6 bxc6 16. Nxd5 cxd5 17. Qb3 Rc8 18. Qxd5 Qf5 19. Be4 Qe6 20. Be3 Bc5 21.
Bd2 Qxd5 22. Bxd5 Nc6 23. Bxc6 Rxc6 24. Rac1 Rfc8 25. Rc4 Ba3 26. Rxc6 Rxc6 27.
Rb1 Bd6 28. Rb7 a6 29. Kg2 Kf8 30. Kf3 Ke8 31. Ke4 Bc7 32. Rb2 Rc5 33. Bb4 Rb5
34. Bc3 Rc5 35. Bb4 Rb5 36. Bc3 Rc5 1/2-1/2

[Event "Kandidatklassen 2012"]
[Site "Helsingor"]
[Date "2012.04.06"]
[Round "4"]
[White "Molvig, Henrik"]
[Black "Jepsen, Thomas Tange"]
[Result "1/2-1/2"]
[WhiteElo "2186"]
[BlackElo "2093"]
[PlyCount "57"]
[EventDate "2012.??.??"]
[EventCountry "DEN"]
[SourceDate "2014.05.18"]

1. d4 Nf6 2. c4 g6 3. Nc3 Bg7 4. e4 d6 5. Nf3 O-O 6. Be2 e5 7. O-O Nc6 8. d5
Ne7 9. Ne1 Ne8 10. Be3 f5 11. f3 f4 12. Bf2 g5 13. c5 Rf6 14. a4 Rh6 15. Nd3
Ng6 16. a5 Nh4 17. c6 bxc6 18. dxc6 Be6 19. Nb4 Qe7 20. Nbd5 Qf7 21. g3 fxg3
22. Bxg3 Ng6 23. Ra4 Rb8 24. b3 Nf4 25. Bc4 Kh8 26. Ne3 Bxc4 27. Rxc4 Ne6 28.
Nf5 Rg6 29. Nd5 1/2-1/2

[Event "Kandidatklassen 2012"]
[Site "Helsingor"]
[Date "2012.04.06"]
[Round "4"]
[White "Stojanovski, Sandi"]
[Black "Thuesen, Mogens Henrik"]
[Result "0-1"]
[WhiteElo "2174"]
[BlackElo "2186"]
[PlyCount "108"]
[EventDate "2012.??.??"]
[EventCountry "DEN"]
[SourceDate "2014.05.18"]

1. d4 Nf6 2. c4 g6 3. Nc3 Bg7 4. e4 d6 5. Nf3 O-O 6. Be2 e5 7. O-O Nc6 8. d5
Ne7 9. Ne1 Nd7 10. Nd3 f5 11. Bd2 fxe4 12. Nxe4 Nf5 13. Bg4 Nf6 14. f3 c6 15.
Nxf6+ Bxf6 16. Nf2 cxd5 17. cxd5 Qb6 18. Kh1 Qxb2 19. Ne4 Be7 20. Bc3 Qa3 21.
Qd2 Ng7 22. Bxc8 Raxc8 23. Rab1 Qa6 24. Qb2 Rc7 25. g4 Qd3 26. Rbd1 Qe3 27.
Bxe5 Rxf3 28. Rfe1 Rf1+ 29. Rxf1 Qxe4+ 30. Qg2 Qxe5 31. Qf3 h6 32. Rc1 Rxc1 33.
Rxc1 Kh7 34. Rc7 Qa1+ 35. Kg2 Bf6 36. Rc2 Qd4 37. Re2 Be5 38. Rc2 b5 39. h4 h5
40. Rc8 Qxg4+ 41. Qxg4 hxg4 42. Rb8 a6 43. Ra8 Nf5 44. Rxa6 Ne3+ 45. Kf2 Nxd5
46. Ra7+ Kh6 47. Rb7 Nc3 48. a3 d5 49. Ke3 d4+ 50. Kf2 Ne4+ 51. Ke2 d3+ 52. Ke3
d2 53. Rd7 Bd6 54. Ke2 g3 0-1

[Event "Kandidatklassen 2012"]
[Site "Helsingor"]
[Date "2012.04.06"]
[Round "4"]
[White "Grand, Hans Henrik"]
[Black "Nilssen, John Arni"]
[Result "0-1"]
[WhiteElo "2131"]
[BlackElo "2378"]
[PlyCount "56"]
[EventDate "2012.??.??"]
[EventCountry "DEN"]
[SourceDate "2014.05.18"]

1. e4 c5 2. c4 e6 3. Nc3 a6 4. g3 b6 5. Bg2 Bb7 6. Nge2 Nf6 7. O-O b5 8. e5
Bxg2 9. Kxg2 Ng4 10. d4 cxd4 11. Qxd4 h5 12. f4 Nc6 13. Qe4 h4 14. h3 hxg3 15.
Nxg3 b4 16. Nce2 Nh6 17. Be3 Rc8 18. c5 Qh4 19. Rh1 g6 20. Bf2 Nf5 21. Qc4 Qd8
22. Ne4 Be7 23. Rad1 Rc7 24. Qxa6 Ra7 25. Qc4 Qa8 26. Qd3 Rxa2 27. Rd2 g5 28.
fxg5 Nxe5 0-1

[Event "Kandidatklassen 2012"]
[Site "Helsingor"]
[Date "2012.04.06"]
[Round "4"]
[White "Haubro, Martin"]
[Black "Christensen, Janus"]
[Result "1/2-1/2"]
[WhiteElo "2042"]
[BlackElo "2174"]
[PlyCount "86"]
[EventDate "2012.??.??"]
[EventCountry "DEN"]
[SourceDate "2014.05.18"]

1. e4 e6 2. d4 d5 3. e5 c5 4. c3 Qb6 5. Nf3 Bd7 6. a3 Bb5 7. Be2 Bxe2 8. Qxe2
cxd4 9. cxd4 Nc6 10. O-O Nge7 11. Be3 Nf5 12. Nc3 Be7 13. b4 O-O 14. Na4 Qd8
15. Rac1 Rc8 16. Qd3 b6 17. Nb2 Qd7 18. Rc3 f6 19. Rfc1 fxe5 20. dxe5 Nxe3 21.
fxe3 a5 22. Na4 Qb7 23. b5 Na7 24. Nd4 Bh4 25. Nc6 Qf7 26. Nxb6 Nxc6 27. bxc6
Qf2+ 28. Kh1 Rc7 29. R3c2 Qf7 30. Nd7 Rd8 31. Rf1 Qh5 32. e4 Qg6 33. Qf3 h6 34.
Qh3 Be7 35. exd5 Rdxd7 36. cxd7 Rxc2 37. d6 Bd8 38. Qf3 Kh7 39. Rg1 Bb6 40. Qa8
Bd8 41. Qxd8 Rxg2 42. Rxg2 Qb1+ 43. Rg1 Qe4+ 1/2-1/2